| 000 | 00537nam a2200181Ia 4500 | ||
|---|---|---|---|
| 005 | 20250423101355.0 | ||
| 008 | 250422s9999 xx 000 0 und d | ||
| 020 | _a9781935295044 | ||
| 050 | _aDR 486 .G85/ | ||
| 100 | _aGulen, Salih | ||
| 245 | 4 | _aThe ottoman sultans: mighty guests of the throne | |
| 260 | _aNew York | ||
| 260 | _bBlue Dome Press | ||
| 260 | _c2010 | ||
| 300 | _a366 p | ||
| 650 | _a Sultans--Turkey--History. Turkey--History--Ottoman Empire, 1288-1918. Turkey--Kings and rulers. | ||
| 942 | _cBK | ||
| 999 |
_c36117 _d36117 |
||